000 01003nam0a22002651 4500
001 rc\2812550
005 20250806210816.0
035 _a(NLR Aleph) 006938371
090 _a36734
_c36734
100 _a20110915d1944 u y0rusy50 ca
101 0 _arus
102 _aRU
105 _ay z |||||
200 1 _aОрганизация и дисциплина труда в колхозах
_fА. Шушаков
210 _a[Москва]
_cМол. гвардия
_d1944
215 _a16 с., без обл.
_d20 см.
225 1 _aЛекции для сельской молодежи
_fОтдел крестьян. молодежи ЦК ВЛКСМ. Бюро агротехпропаганды НКЗ СССР
700 1 _aШушаков
_bА.С.
_gАндрей Семенович
801 0 _aRU
_bNLR
_gpsbo
801 1 _aRU
_bELAR
_2rusmarc
852 _aNLR
_jЭк50 Г-4/161
942 _cBOOK
945 _aРоссийская национальная библиотека
980 _aNB
980 _aBV